European Competitions Top 5 Scorers: 1999/00 - Statistics

General Stats
  • This quiz has been taken 2 times
  • The average score is 2 of 11
Answer Stats
Competition Goals Club Nationality Player % Correct
UEFA Cup 7 Arsenal France Thierry Henry
100%
Champions League 10 Real Madrid Spain Raul
50%
UEFA Cup 10 Juventus Yugoslavia Darko Kovacevic
0%
UEFA Cup 7 Atletico Madrid Netherlands Jimmy Floyd Hasselbaink
0%
UEFA Cup 7 Parma Italy Marco Di Vaio
0%
Champions League 10 Porto Brazil Mario Jardel
0%
UEFA Cup 7 Lens France Pascal Nouma
0%
Champions League 10 Barcelona Brazil Rivaldo
0%
Champions League 8 Dynamo Kyiv Ukraine Serhiy Rebrov
0%
Champions League 9 Lazio Italy Simone Inzaghi
0%
Champions League 8 Chelsea Norway Tore Andre Flo
0%
No matching quizzes found
Score Distribution
Percent of People with Each Score
Percentile by Number Answered
Your Score History
You have not taken this quiz